Neighborhoods of Manhattan - Statistics

General Stats
  • This quiz has been taken 1,981 times
  • The average score is 17 of 58
Answers on the Map
Answers color-coded by a green-red scale on the quiz's map according to % correct below.
 
Answer Stats
Answer % Correct
Central Park
75%
Roosevelt Island
66%
Upper West Side
56%
Harlem
54%
Battery Park
46%
Hell's Kitchen
46%
Inwood
43%
East Harlem
41%
Times Square
41%
Midtown
40%
Upper East Side
39%
Midtown East
37%
Chelsea
36%
Washington Heights
35%
Chinatown
34%
Greenwich Village
34%
Lower East Side
34%
Financial District
33%
SoHo
33%
Spanish Harlem
33%
TriBeCa
33%
Meatpacking District
32%
NoLiTa
32%
West Village
32%
Marble Hill
31%
Two Bridges
30%
East Village
29%
NoHo
29%
Alphabet City
28%
Hudson Yards
28%
Midtown South
27%
Lincoln Square
26%
Morningside Heights
25%
Yorkville
24%
Civic Center
23%
Kip's Bay
22%
Lenox Hill
22%
Stuyvesant Town
22%
South Street Seaport
21%
Sutton Place
21%
Carnegie Hill
20%
Hamilton Heights
20%
Sugar Hill
20%
Fort George
19%
The Bowery
19%
Flatiron
18%
Garment District
18%
Murray Hill
18%
Hudson Heights
17%
Turtle Bay
16%
Bloomingdale
15%
Gramercy
15%
Hudson Square
15%
Manhattan Valley
15%
Manhattanville
15%
Metropolitan Hill
13%
NoMad
11%
Rose Hill
10%
No matching quizzes found
Score Distribution
Percent of People with Each Score
Percentile by Number Answered
Your Score History
You have not taken this quiz